History Quiz

Random History or Politics Quiz

Constitutional Amendments Quiz Stats

 Plays Quiz Updated Mar 18, 2020

Support Sporcle.
Go Orange.
Score 0/27 Timer 02:00
54 Plays Today
Issue Amendment % Correct
Freedom of religion, of speech, of the press, to assemble, and to petitionI
76.3%
The Right of the People to keep and Bear ArmsII
76.2%
Prohibition of alcoholXVIII
71.6%
No quartering of soldiers in private houses during peacetime. III
71.3%
Women's suffrageXIX
70.3%
Repeals the Amendment on the Prohibition of AlcoholXXI
68.7%
Abolition of slavery, except as punishment for a crime.XIII
68.7%
Interdiction of unreasonable Searches and seizures; warrantsIV
67.2%
Right to a fair and speedy public trial, Notice of accusations, Confronting one's accuser, Subpoenas, Right to counselVI
66%
No excessive bail & fines or cruel & unusual punishmentVIII
65.8%
Indictments; Due process; Self-incrimination; Double jeopardy, and rules for Eminent Domain.V
65.7%
Right to trial by jury in civil casesVII
63.6%
Suffrage no longer restricted by raceXV
63.1%
Limits the president to two termsXXII
60.7%
Issue Amendment % Correct
Voting age nationally established as age 18XXVI
59.8%
The powers not delegated to the United States by the Constitution, nor prohibited by it to the states, are reserved to the states respectively, or to the people.X
59.5%
Unenumerated rightsIX
57.6%
Allows federal income taxXVI
54.2%
Representation of Washington, D.C. in the Electoral CollegeXXIII
51.4%
Presidential SuccessionXXV
50.2%
Citizenship, state due process, applies Bill of Rights to the states, revision to apportionment of Representatives, Denies public office to anyone who has rebelled against the USXIV
49.3%
Direct election to the United States SenateXVII
49%
Variance of congressional compensationXXVII
48%
Prohibition of the restriction of voting rights due to the non-payment of poll taxesXXIV
47.8%
Immunity of states from suits from out-of-state citizens and foreigners not living within the state borders. Lays the foundation for sovereign immunityXI
47.4%
Revision of presidential election proceduresXII
42.7%
Presidential, Congressional CommencementXX
40.1%

From the Vault

Figure Out the Lyrics: 2000s

by amyevg

Music 8m
Are we calling the early 2000s the 'aughts' still, or did we find something better?
Remove Ads.
Support Sporcle.
Get the best of Sporcle when you Go Orange. This ad-free experience offers more features, more stats, and more fun while also helping to support Sporcle. Thank you for becoming a member.

Show Comments

Extras

Top Quizzes Today


Score Distribution

Your Account Isn't Verified!

In order to create a playlist on Sporcle, you need to verify the email address you used during registration. Go to your Sporcle Settings to finish the process.

Report this User

Report this user for behavior that violates our Community Guidelines.

Details: